Hacer clic: hacia una sociosemiótica de las interacciones digitales
Uloženo v:
| Hlavní autor: | |
|---|---|
| Médium: | Kniha |
| Jazyk: | španělština |
| Vydáno: |
Barcelona
Gedisa
2004
|
| Vydání: | 1a. ed |
| Edice: | Cibercultura
|
| Témata: | |
| Tagy: |
Přidat tag
Žádné tagy, Buďte první, kdo vytvoří štítek k tomuto záznamu!
|
MARC
| LEADER | 00000nam a2200000 a 4500 | ||
|---|---|---|---|
| 001 | UCK4478 | ||
| 003 | CL-VaPUC | ||
| 008 | 050610e20040000SP |||||||||||||||||spa|d | ||
| 020 | |a 8497840615 | ||
| 082 | 0 | 4 | |a 302.23 |b SCO |2 21 |
| 100 | 0 | |a Scolari, Carlos |e author |9 492971 | |
| 245 | 1 | 0 | |a Hacer clic: hacia una sociosemiótica de las interacciones digitales |
| 250 | |a 1a. ed | ||
| 300 | |a 253 p | ||
| 942 | |c BK | ||
| 945 | |d 20050610 00:00:00 |a cmena | ||
| 260 | |a Barcelona |b Gedisa |c 2004 | ||
| 650 | 0 | |a Análisis del discurso |9 256696 | |
| 650 | 0 | |a Medios de comunicación de masas |9 257273 | |
| 650 | 7 | |a INNOVACIONES TECNOLOGICAS |2 CL-VaPUC |9 492972 | |
| 650 | 0 | |a Psicolingüística |9 283371 | |
| 650 | 0 | |a Cambio social |9 256857 | |
| 650 | 7 | |a SOCIOLOGIA DEL PERIODISMO |2 CL-VaPUC |9 462333 | |
| 650 | 0 | |a Desarrollo cultural |9 267526 | |
| 650 | 0 | |a Antropología cultural y social |9 265143 | |
| 583 | |a last modification |c 20160914 11:34:19 |k Rodrigo Vera | ||
| 490 | 0 | |a Cibercultura | |
| 999 | |c 313311 |d 313309 | ||
| 952 | |0 0 |1 0 |4 0 |6 302_230000000000000_SCO_2004 |7 0 |8 A |9 384577 |a BIBCUR |b BIBCUR |d 2019-11-22 |i 4136403 |o 302.23 SCO 2004 |p 4136403 |r 2025-04-22 |w 2019-11-22 |y BK |k PER | ||